Deluge in poona (Record no. 410278)

000 -LEADER
fixed length control field 00405cam a22001337a 4500
008 - FIXED-LENGTH DATA ELEMENTS--GENERAL INFORMATION
fixed length control field 180718b1967 xxu||||| |||| 00| 0 eng d
082 ## - DEWEY DECIMAL CLASSIFICATION NUMBER
Classification number Q39 X5442 B73
100 ## - MAIN ENTRY--PERSONAL NAME
Personal name Brahme, Sulabha
245 ## - TITLE STATEMENT
Title Deluge in poona
Statement of responsibility, etc. by Sulabha Brahma And Prakash Gole
260 ## - PUBLICATION, DISTRIBUTION, ETC.
Place of publication, distribution, etc. London
Name of publisher, distributor, etc. Gokhala institute of polics and economics
Date of publication, distribution, etc. 1967
300 ## - PHYSICAL DESCRIPTION
Extent xii,144p
650 ## - SUBJECT ADDED ENTRY--TOPICAL TERM
Topical term or geographic name entry element Floods --India --Pune.
700 ## - ADDED ENTRY--PERSONAL NAME
Personal name Gole, Prakash
Holdings
Withdrawn status Lost status Damaged status Not for loan Permanent Location Current Location Date acquired Full call number Barcode Date last seen Price effective from Koha item type
        Indian Institute of Public Administration Indian Institute of Public Administration 2009-01-15 Q39 X5442 B73 DA1622 2018-07-21 2018-07-21 DA

Powered by Koha